Les featurings de Booba - Statistiques

Statistiques générales
  • Ce quiz a été pris 613 fois
    475 depuis la dernière actualisation
  • Le résultat moyen est 30 sur 78
Statistiques - réponses
Département Artiste Sons % Correct
93 Kaaris Kalash (2012), L.E.F (2013)
98%
91 Niska M.L.C (2016), Ça va aller (2017), Tuba Life (2017), Médicament (2019)
98%
92 SDM La zone (2020), Daddy (2021), Bonne journée (2021), 92i (2021), Dolce Camara (2024)
97%
BEL Damso Pinocchio (2015), Paris c'est loin (2016), 113 (2017)
96%
93 Maes Madrina (2018), Blanche (2020), VVV (2021), Platine o Plomo (2021), Pablo (2022)
96%
Unknown Benash Zer (2015), Validée (2015), Ghetto (2017)
83%
Unknown Brams 100-8 Zoo (2002), Pazalaza pour sazamuser (2004)
81%
Unknown Gato da Bato Rolex (2012), Mové lang (2015), Pinocchio (2015), Roulé fort (2015), Bouyon (2017), Hai (2019), 31 (2021), Piccolo (2021), Morocco (2022), GM (2024)
80%
78 La Fouine Reste en chien (2007)
79%
91 Bramsito Sale mood (2018), Dernière fois (2021), Piccolo (2021)
77%
972 Kalash Rouge et bleu (2016), NWA (2016)
75%
93 Zed Jauné (2020)
73%
94 Lacrim Oh bah oui (2017)
68%
92 Ali Strass & paillettes (2002)
67%
Unknown JSX Mona Lisa (2021), GTA (2021), PRT (2021)
66%
06 Kayna Samet Destinée (2002), Kayna Remix (2021)
64%
BEL Green Montana TOUT GACHER (2020), 92i (2021)
62%
76 Médine KYLL (2018)
62%
BEL Shay Cruella (2011)
61%
75 Gims Longueur d'avance (2013)
59%
45 Dosseh 45 Scientific (2010), Infréquentables (2016), MQTB (2018)
58%
NIG Akon Gun In Hand (2006), Izi Life (2008), Lunatic (2010)
55%
Unknown Lino Temps mort 2.0 (2015)
55%
Unknown Siboy Zer (2015)
52%
59 Gradur Balti (2015)
47%
US Future Bellucci (2015)
45%
Unknown Mala Nouvelle école (2002), 100-8 Zoo (2002), Commis d'office (2004), O.G (2012)
45%
Unknown Nessbeal Sans ratures (2002), Baby (2004)
45%
Unknown ELIA Grain de sable (2021)
44%
Unknown USKY 3.5.7 (2023), Bénigni (2024)
41%
93 Timal Caméleon (2022)
40%
Unknown Dala Vue sur la mer (2021), 32 (2021), PRT (2021), Fin (2022), Baby (2022)
39%
75 Leto Charbon (2020)
39%
94 Rim'K Call of bitume (2012)
39%
Unknown Twinsmatic U2K (2015), A.T.R (2017)
39%
92 Sicario Yamanaka (2022), 92i (2021), Abidal (2024)
38%
Unknown mademoiselle lou Zénith (2023)
36%
US Rick Ross 1.8.7 (2012)
35%
92 Bilton Chicha menthe (2021), 92i (2021)
34%
Unknown Tony Parker Bienvenue dans le Texas (2007)
34%
Unknown Sidiki Diabaté Ça va aller (2017)
33%
77 Uzi Trophée (2022)
33%
Unknown Christine and the Queens Here (2016)
31%
243 Fally Ipupa Kiname (2016)
31%
Unknown 40000 Gang Les meilleurs (2015)
30%
93 Mac Tyer Ouais ouais (2006)
29%
Unknown Farruko G-Love (2015)
26%
13 Alonzo Même tarif (2014)
24%
US P. Diddy Caesar Palace (2010)
24%
ITA Sfera Ebbasta Téléphone (2022)
24%
US 2 Chainz C'est la vie (2012)
21%
Unknown Kennedy Je me souviens (2006)
21%
Unknown Lim Animals (2002)
20%
Unknown Djé Salade tomates oignons (2008), Me-Ca (2010)
18%
95 Seth Gueko Gipsy King Kong (2011)
18%
US Jeremih All Set (2015)
17%
Unknown Doums 100-8 Zoo (2002), R.A.P. (2004)
16%
Unknown KRN Danser (2023)
16%
US T-Pain Réel (2010)
16%
Unknown Evil P GM (2024)
14%
Unknown Trade Union Au bout des rêves (2006)
14%
92 92I Izi Life (2008), Si tu savais (2010)
13%
Unknown Ryan Leslie Fast Life (2010)
13%
Unknown Chaax Le Code (2023)
12%
Unknown Intouchable Au fond de la classe (2006)
11%
Unknown Malekal Morte 92 izi (2006)
11%
Unknown Bridjahting Mové lang (2015)
10%
Unknown Mavado Ratpis (2015)
10%
Unknown Issaka 100-8 Zoo (2002)
8%
Unknown Moussa Animals (2002)
8%
Unknown Leya Masry Avant de partir (2004)
6%
Unknown Naadei Soldats (2008)
6%
Unknown Wayne Wonder Alter Ego (2004)
5%
Unknown Demarco Bad Boy Street (2008)
4%
Unknown I2S Pazalaza pour sazamuser (2004)
4%
Unknown Rock City King (2008)
4%
Unknown Rudy Au bout des rêves (2006)
4%
Unknown Cleverhead Virus (2021)
2%
Aucun quiz correspondant
Distribution des résultats
% des personnes avec chaque résultat
Percentile par nombre de réponses
Votre historique - résultats
Vous n’avez pas pris ce quiz depuis la dernière actualisation